Rápido e ingenioso [juego] /

Guardado en:
Formato: Objeto Físico
Publicado: Argentina : Bontus, [201?]
Materias:
Etiquetas: Agregar Etiqueta
Sin Etiquetas, Sea el primero en etiquetar este registro!
LEADER 00650nrm a22001695g 4500
001 CEM.cems019284
008 130507b201?##################0###0#####d
005 20220830110135.0
003 CEMS
245 0 0 |a Rápido e ingenioso [juego] /  |c Bontus. 
260 |a Argentina :  |b Bontus,  |c [201?] 
300 |a 1 juego (4 tableros, 64 fichas de madera con letras y valores) ; en caja 24 x 29 x 7 cm. + manual de instrucciones 
490 O b |e Descriptivo: armar palabras utilizando todas sus fichas 
500 |a Para 1 a 4 jugadores a partir de 18 años. 
082 0 4 |a J793.734 
653 |a 1. juegos de palabras 
859 |a CEMS  |b BIB. CEMS - Ludoteca  |h J793.734  |i B639  |p 407.13  |t Ej.1